000 00687nam a22002177a 4500
005 20250828095857.0
008 250822b |||||||| |||| 00| 0 eng d
020 _a9789361833328
040 _cAL
041 _amal
100 _aK S Ravikumar
_9237196
100 _dകെ എസ രവികുമാർ
_9236982
245 _aSugathakumari
_b: സുഗതകുമാരി
260 _aNew Delhi
_bSahitya Akademi
_c2024
300 _a112p.
_bPB
_c21.5x14cm
365 _2Malayalam
_a3051
_b70.00
_c
_d100.00
_e30%
_f14-08-2025
650 _aMonograph on Malayalam Writer
_9236983
650 _aMalayalam Literature
_9236984
650 _aBiography
_9236985
942 _2ddc
_cBK
999 _c240373
_d240373